Gaming Quiz

Random Gaming or Video Games Quiz

► Missing Word: Simulation games (A-Z) Quiz Stats

Quiz not verified by Sporcle

Challenge
Share
Tweet
Embed
Score 0/26 Timer 03:00
0 Plays Today
Hint Answer % Correct
Cleopatra: _____ of the NileQueen
87.3%
_____ Housewives: The GameDesperate
84.5%
The Sims 2: _____ for BusinessOpen
84.5%
Top Gun: Danger _____Zone
82.7%
Alter _____Ego
76.4%
_____ Park: Operation GenesisJurassic
75.5%
Singles: Flirt Up _____ LifeYour
74.5%
Microsoft _____ SimulatorFlight
67.3%
The Sims 3: _____ ParadiseIsland
50%
Battle of Britain 2: Wings of _____Victory
48.2%
_____: SkylinesCities
44.5%
Kerbal _____ ProgramSpace
43.6%
Euro _____ SimulatorTruck
38.2%
Hint Answer % Correct
_____ 1701: Dawn of DiscoveryAnno
33.6%
Grand _____ LegendsPrix
33.6%
_____ Over Flanders FieldsWings
30.9%
Championship _____Manager
26.4%
Immortal Cities: Children of the _____Nile
26.4%
A _____ for KeflingsKingdom
24.5%
Sid Meier's _____!Railroads
23.6%
_____ WatersUncharted
22.7%
Richard _____ RallyBurns
20%
_____ of the Roman EmpireGlory
17.3%
Silent _____Hunter
17.3%
Cities _____XL
17.3%
Chris Sawyer's _____Locomotion
15.5%

You're not logged in!

Compare scores with friends on all Sporcle quizzes.
Join for Free
OR
Log In

You Might Also Like...

Show Comments

Extras

Top Quizzes Today


Score Distribution

Your Account Isn't Verified!

In order to create a playlist on Sporcle, you need to verify the email address you used during registration. Go to your Sporcle Settings to finish the process.

Report this User

Report this user for behavior that violates our Community Guidelines.

Details: